[Event "Buenos Aires ProAm op 26th"]
[Site "Buenos Aires"]
[Date "2019.10.12"]
[Round "7"]
[White "Salvatti, Diego"]
[Black "Nami, Ruben"]
[Result "0-1"]
[WhiteElo "2044"]
[BlackElo "1836"]
[PlyCount "120"]
[EventDate "2019.10.06"]
[EventType "team-swiss"]
[EventRounds "8"]
[EventCountry "ARG"]
[SourceTitle "CBM 192 Extra"]
[Source "Chessbase"]
[SourceDate "2019.11.06"]
[SourceVersion "1"]
[SourceVersionDate "2019.11.06"]
[SourceQuality "1"]

1. d4 f5 2. Bf4 Nf6 3. e3 g6 4. h3 Bg7 5. Nc3 c6 6. g4 d6 7. Bd3 Qa5 8. Qd2 e5 9. b4 Qc7 10. Bg3 Qe7 11. Nge2 fxg4 12. hxg4 Bxg4 13. Bh4 Nbd7 14. b5 Qe6 15. bxc6 bxc6 16. Rb1 Rb8 17. Rxb8+ Nxb8 18. Bxf6 Qxf6 19. Ne4 Qe7 20. Qb4 0-0 21. Qxd6 Qxd6 22. Nxd6 Be6 23. Bc4 Bxc4 24. Nxc4 exd4 25. Nxd4 Bxd4 26. exd4 Rf4 27. c3 c5 28. Ke2 cxd4 29. cxd4 Rxd4 30. Rc1 Nd7 31. Ke3 Rd5 32. Rb1 h5 33. f4 Nc5 34. Ne5 Kh7 35. Rg1 Rd6 36. Nf7 Rd3+ 37. Ke2 Ra3 38. Ng5+ Kg7 39. f5 Rxa2+ 40. Ke3 Ra3+ 41. Kd4 Nb3+ 42. Kc3 gxf5 43. Nf3+ Kf6 44. Kb2 Ra1 45. Rg3 Rd1 46. Kxb3 f4 47. Rh3 Rd3+ 48. Kc4 Re3 49. Rxh5 Rxf3 50. Ra5 Re3 51. Rxa7 Kf5 52. Kd4 Re6 53. Kd3 Kg4 54. Kd2 Kg3 55. Rf7 f3 56. Rf8 Kf2 57. Rd8 Kf1 58. Rd7 f2 59. Rd8 Rg6 60. Ke3 Kg1 0-1